Life-giving light /

Bibliographic Details
Main Author: Sheard, Charles, 1883-
Format: Book
Language:English
Published: Baltimore : The Williams & Wilking company in cooperation with the Century of progress exposition, 1933.
Series:Century of progress series.
Subjects:

MARC

Tag First Indicator Second Indicator Subfields
LEADER 00000cam a2200000 4500
001 in00000051162
005 20151007065905.0
008 731016s1933 mdu 00000 eng u
010 |a  33015506  
035 |a (OCoLC)00718376 
035 |9 AAE2907AM 
040 |c KSU  |d TXA  |d UtOrBLW 
049 |a TXAM  |c 1 [87067] 
050 0 0 |a QC361  |b .S5 
092 |a 535.04  |b S539L 
100 1 |a Sheard, Charles,  |d 1883- 
245 1 0 |a Life-giving light /  |c by Charles Sheard ... 
264 1 |a Baltimore :  |b The Williams & Wilking company in cooperation with the Century of progress exposition,  |c 1933. 
300 |a x, 174 pages :  |b illustrations ;  |c 19 cm. 
336 |a text  |b txt  |2 rdacontent 
337 |a unmediated  |b n  |2 rdamedia 
338 |a volume  |b nc  |2 rdacarrier 
490 1 |a A century of progress series 
650 0 |a Light. 
830 0 |a Century of progress series. 
999 |a MARS 
999 f f |s e717bdca-1636-3d64-a525-6abf8346f773  |i 5582d6e9-f740-3c6e-bbc2-9cc98c05b7d1  |t 0 
952 f f |p normal  |a Texas A&M University  |b College Station  |c Sterling C. Evans Library  |d Evans: Library Stacks  |t 0  |e QC361 .S5  |h Library of Congress classification  |i unmediated -- volume  |m A14800916949 
998 f f |a QC361 .S5  |t 0  |l Evans: Library Stacks